Location factors of the creative and knowledge - intensive industries in European metropolitan regions

Vznik a rýchly rozvoj tvorivých a vedomostne intenzívnych odvetví je jednou z vlastností štrukturálnej zmeny v globálnej a európskej ekonomike a spoločnostiach, ako aj napredujúcej metropolizácii. Projekt ACRE v rámci 6. rámcového programu EÚ. Článok sa zaoberá procesom vývoja tvorivo-vedomostného s...

ver descrição completa

Na minha lista:
Detalhes bibliográficos
Autor principal: Stryjakiewicz, Tadeusz
Formato: Capítulo de Livro
Idioma:inglês
Assuntos:
Tags: Adicionar Tag
Sem tags, seja o primeiro a adicionar uma tag!

MARC

LEADER 00000naa$a2200000$$$4500
001 0114115
005 20231102101719.0
041 0 |a eng 
044 |a SK 
245 1 0 |a Location factors of the creative and knowledge - intensive industries in European metropolitan regions  |c Tadeusz Stryjakiewicz 
520 |a Vznik a rýchly rozvoj tvorivých a vedomostne intenzívnych odvetví je jednou z vlastností štrukturálnej zmeny v globálnej a európskej ekonomike a spoločnostiach, ako aj napredujúcej metropolizácii. Projekt ACRE v rámci 6. rámcového programu EÚ. Článok sa zaoberá procesom vývoja tvorivo-vedomostného sektoru v 13 európskych metropolitných regiónoch, ktoré sa zúčastňujú na projekte ACRE. 
610 2 0 |a regióny metropolitné 
610 2 0 |a Európa 
610 2 0 |a rozvoj regionálny 
610 2 0 |a vzdelanosť 
610 2 0 |a vedomosti 
610 2 0 |a rozvoj sociálno-ekonomický 
100 1 |a Stryjakiewicz, Tadeusz